000 00732nam a22002297a 4500
005 20170124110158.0
010 _aA-828957
020 _c00.00
_a817058177
035 _aA-828957
037 _bCen Lib/Ret
040 _aDPL
_bEN
082 _a181.499
_bHID
245 _aThe hidden forces of life :
_ccompiled by A.S. Dalal
_bselection from the works of Sri Aurobindo and The mother /
260 _aPondicehrry
_bSri Aurobindo ashram
_c1996
270 _bPondicherry
_aSri Aurobindo Asharam
300 _a202p.
_c15cm(Hb)
500 _aIncludes glossary and index
650 _aPhilosophy
_9138529
650 _aHidden forces
_935431
700 _aDalal, A.S.
_938010
942 _2ddc
_cEN
_h181.499
_mHID
999 _c132671
_d132671